000 00300nam a22001337a 4500
008 171027b xxu||||| |||| 00| 0 eng d
020 _a9780071239271
041 _aeng
080 _212TH
_a336
100 _a56
101 _aFIN
245 _aCASE PROBLEMS IN FINANCE
_cKESTER,W.C
942 _2udc
_cBK
999 _c36193
_d36193